000 00931nam0a22002651 4500
001 rc\2989508
005 20250806211543.0
035 _a(NLR Aleph) 007133682
090 _a66598
_c66598
100 _a20110914d1945 u y0rusy50 ca
101 0 _arus
102 _aRU
105 _ay z |||||
200 1 _aАлиментарно-токсическая алейкия "Септическая ангина"
_e[Сборник статей]
_fПод ред. проф. З.И. Малкина
210 _aКазань
_cТатгосиздат
_d1945
_g[тип.] Татполиграф
215 _a82 с.
_d20 см
320 _aБиблиогр. в конце глав
702 1 _aМалкин
_bЗ.И.
_4340
801 0 _aRU
_bNLR
_gpsbo
801 1 _aRU
_bELAR
_2rusmarc
852 _aNLR
_jМд30 Г-4/129
942 _cBOOK
945 _aРоссийская национальная библиотека
980 _aNB
980 _aBV